| 000 | 02788nam a2200253Ia 4500 | ||
|---|---|---|---|
| 005 | 20260209144842.0 | ||
| 008 | 210716s2014 xx 000 0 und d | ||
| 020 | _a9789351194187 | ||
| 040 | _cAIMIT LIBRARY | ||
| 041 | _aeng | ||
| 082 |
_a005.448 _21 _bJAYK |
||
| 100 |
_aJayaswal, Kailash. _948726 |
||
| 245 |
_aCloud computing : _bblack book / _cBy Kailash Jayaswal...[et. al.]. |
||
| 250 | _a1st ed. | ||
| 260 |
_aNew Delhi : _bDreamtech Press , _c2014 . |
||
| 300 |
_axxvi, 457p. ; _bPB _c23.5 cm. |
||
| 500 | _aThis book, Cloud Computing Black Book, is a one-time reference book that covers all aspects of cloud computing in an easy-to-understand approach. It covers a variety of topics, such as cloud computing and its comparison with peer-to-peer, client-server and grid computing; virtualization and its levels; cloud computing services, such as IaaS, PaaS, SaaS and DBaaS; cloud computing and its business values; myths and truths about cloud computing; cloud types and models, such as private, community, hybrid and public; open-source eucalyptus and OpenStack cloud application architecture; cloud deployment techniques; recent trends in cloud computing and standards; host security in cloud for SaaS, PaaS and IaaS; data security in cloud. | ||
| 505 |
_a• Era of Cloud Computing
• Introducing Virtualization
• Cloud Computing Services
• Cloud Computing and Business Value
• Demystifying Cloud Computing
• Cloud Types and Models
• Open Source Cloud Implementation and Administration
• Cloud Deployment Techniques
INR 1095
Table of Contents
09/02/2026, 14:45 Cloud Computing Black Book
https://www.wileyindia.com/cloud-computing-black-book.html 1/2
• Recent Trends in Cloud Computing and Standards
• Host Security in the Cloud
• Data Security in the Cloud
• Application Architecture for Cloud
• Cloud Programming
• Adoption and Use of Cloud by Small and
• Adoption and Use of Cloud by Enterprises
• IT Service Management for Cloud Computing
• SLA with Cloud Service Providers
• Risks, Consequences, and Costs for Cloud Computing
• AAA Administration for Clouds
• Regulatory and Compliance Requirements for Clouds
• Security as A Service
• Cloud Certifications and Audits
• Application Development for Cloud
• Application Security in the Cloud
• Cloud Computing: The Road Ahead
• Mobile Cloud Computing
• Points to Remember
• Glossary
• Ind _rKailash Jayaswal is the Vice President of Technical Services and IT Advisor at Choice Solutions |
||
| 650 |
_aOpen source cloud implementation and administration _948727 |
||
| 700 |
_aKallakurchi, Jagannath. _948728 |
||
| 700 |
_aHoude, Donald J. _948729 |
||
| 700 |
_aShah, Deven. _948730 |
||
| 942 |
_2ddc _cBK _e1st _k005.44 JAYK |
||
| 999 |
_c194236 _d194236 |
||